00398pam a2200157 a 4500020002000000041000500020082001300025100002200038245008700060260002300147300000800170653002100178700001400199930000800213999001900221 a1-84309-873-3c h a641.6374 aCHRISTINEeAuthor aCHOCOLATE : COOKING WITH THE WORLDS BEST INGREDIENTcCHRISTINEhTextual Documents  aLondonbAnness Pub a256 aFood Producation eCo-Author a733 c243349d243349